000 00485nam a2200181Ia 4500
005 20250508152941.0
008 008 250505s9999 xx 000 0 eng d
037 _aTextual
040 _aFEDL
_beng
_cFEDL
041 _aeng
_2eng
084 _aB, NEH
_qFEDL
100 _aGopal Ram
245 0 _aTrials of jawaharlal Nehru
260 _aBombay, India
_bThe Book Centre Private Limited
_c1962
300 _a133p.
942 _cTEXL
_hB, NEH
999 _c1339774
_d1339774